000 00558nam a2200181Ia 4500
008 100920s9999 xx 000 0 und d
082 _b95914
_a891.463.1 न 04
100 _aबोकील मिलिंद.
245 _aझेन गार्डन.
260 _bमौज प्रकाशन,मुंबई.
_c2004
300 _a232
_bसाधी
365 _b150
520 _aलघुकथा.
630 _aझेन गार्डन.
650 _aलघुकथा.
730 _aझेन गार्डन.
942 _cBOOK
999 _c736354
_d736351